Finance theory /

Bibliographic Details
Main Author: Jarrow, Robert A.
Format: Book
Language:English
Published: Englewood Cliffs, N.J. : Prentice-Hall, [1988]
Subjects:

MARC

Tag First Indicator Second Indicator Subfields
LEADER 00000cam a2200000 a 4500
001 in00000020433
005 20151007053923.0
008 870204s1988 njua b 00110 eng
010 |a  87002359  
020 |a 0133148653 
035 |a (OCoLC)15221433 
035 |9 AAB3346AM 
040 |a DLC  |c DLC  |d TXA  |d UtOrBLW 
049 |a TXAM  |c [A11060044] 
050 0 0 |a HG173  |b .J34 1988 
082 0 |a 332/.0724  |2 19 
100 1 |a Jarrow, Robert A. 
245 1 0 |a Finance theory /  |c Robert A. Jarrow. 
264 1 |a Englewood Cliffs, N.J. :  |b Prentice-Hall,  |c [1988] 
264 4 |c ©1988 
300 |a xiv, 298 pages :  |b illustrations ;  |c 24 cm. 
336 |a text  |b txt  |2 rdacontent 
337 |a unmediated  |b n  |2 rdamedia 
338 |a volume  |b nc  |2 rdacarrier 
504 |a Includes bibliographies and index. 
650 0 |a Finance. 
999 |a MARS 
999 f f |s 081b9371-1446-3083-896d-e882229957b7  |i 7a8d5f51-8d01-34a9-9915-15c04e9f4562  |t 0 
952 f f |p ric  |a Texas A&M University  |b Rellis Campus  |c Joint Library Facility  |d Remote Storage  |t 0  |e HG173 .J34 1988  |h Library of Congress classification  |i unmediated -- volume  |m A14811060044 
998 f f |a HG173 .J34 1988  |t 0  |l Remote Storage